Basel III Implementation and SME Financing: Evidence for Emerging Markets and Developing Economies

Vplyv zavedenia štandardu Basel III na oblasť financovania malých a stredných podnikov v rozvíjajúcich sa trhoch a ekonomikách. Popis trendov pred a po implementácii Basel III pre banky, krajiny a firmy. Zistený krátkodobý mierne negatívny vplyv štandardu na financovanie podnikov.

Gespeichert in:
Bibliographische Detailangaben
1. Verfasser: Fišera, Boris
Weitere Verfasser: Horváth, Roman, Melecký, Martin
Format: Buchkapitel
Sprache:Englisch
Schlagworte:
Tags: Tag hinzufügen
Keine Tags, Fügen Sie das erste Tag hinzu!

MARC

LEADER 00000naa$a2200000$$$4500
001 0270714
005 20240502083816.0
041 0 |a eng 
044 |a US 
245 1 0 |a Basel III Implementation and SME Financing: Evidence for Emerging Markets and Developing Economies  |c Boris Fišera, Roman Horváth, Martin Melecký 
520 |a Vplyv zavedenia štandardu Basel III na oblasť financovania malých a stredných podnikov v rozvíjajúcich sa trhoch a ekonomikách. Popis trendov pred a po implementácii Basel III pre banky, krajiny a firmy. Zistený krátkodobý mierne negatívny vplyv štandardu na financovanie podnikov. 
610 2 0 |a implementácia 
610 2 0 |a dohľad bankový 
610 2 0 |a dohľad nad finančným trhom 
610 2 0 |a financovanie podnikov 
610 2 0 |a podnik malý 
610 2 0 |a podnik stredný 
100 1 |a Fišera, Boris 
700 1 |a Horváth, Roman 
700 1 |a Melecký, Martin